[Event "Olomouc Chess Summer 2011 - Valoz Cup"]
[Site "Olomouc (CZE), Hotel Sigma"]
[Date "2011.08.05"]
[Round "3"]
[White "Kalinitschew, Sergey"]
[Black "Antipov, Mikhail Al"]
[Result "1-0"]
[WhiteElo "2431"]
[BlackElo "2407"]
[PlyCount "53"]
[EventDate "2011.08.03"]

1. Nf3 Nf6 2. g3 d5 3. Bg2 c6 4. O-O Bg4 5. c4 dxc4 6. Na3 Qd5 7. Qc2 e5 8.
Nxc4 Bxf3 9. Bxf3 e4 10. Bg2 Be7 11. d3 exd3 12. Qb3 Qe6 13. Qxb7 dxe2 14. Re1
Qxc4 15. Qxa8 O-O 16. Bf3 Nd5 17. Qb7 Bf6 18. Rxe2 Na6 19. Qb3 Qd4 20. Be3 Nxe3
21. Qxe3 Qxe3 22. Rxe3 Bxb2 23. Rb1 Bd4 24. Re7 Bc5 25. Reb7 Rd8 26. Be2 Nb4
27. R7xb4 1-0

[Event "Olomouc Chess Summer 2011 - Valoz Cup"]
[Site "Olomouc (CZE), Hotel Sigma"]
[Date "2011.08.05"]
[Round "3"]
[White "Arutinian, David"]
[Black "Krivoborodov, Egor"]
[Result "1/2-1/2"]
[WhiteElo "2562"]
[BlackElo "2507"]
[PlyCount "23"]
[EventDate "2011.08.03"]

1. d4 d5 2. c4 c6 3. Nf3 Nf6 4. Nc3 a6 5. cxd5 cxd5 6. Ne5 e6 7. Bf4 Be7 8. e3
O-O 9. Bd3 b5 10. O-O Bb7 11. Qf3 Nbd7 12. Rac1 1/2-1/2

[Event "Olomouc Chess Summer 2011 - Valoz Cup"]
[Site "Olomouc (CZE), Hotel Sigma"]
[Date "2011.08.05"]
[Round "3"]
[White "Andreev, Eduard"]
[Black "Zilka, Stepan"]
[Result "1/2-1/2"]
[WhiteElo "2458"]
[BlackElo "2506"]
[PlyCount "0"]
[EventDate "2011.08.03"]

1. e4 e5 2. Nf3 Nc6 3. d4 exd4 4. Nxd4 Nf6 5. Nxc6 bxc6 6. e5 Qe7 7. Qe2 Nd5 8.
c4 Ba6 9. b3 O-O-O 10. Bb2 f6 11. Qd1 1/2-1/2

[Event "Olomouc Chess Summer 2011 - Valoz Cup"]
[Site "Olomouc (CZE), Hotel Sigma"]
[Date "2011.08.05"]
[Round "3"]
[White "Drozdowski, Kacper"]
[Black "Butkiewicz, Lukasz"]
[Result "0-1"]
[WhiteElo "2311"]
[BlackElo "2435"]
[PlyCount "94"]
[EventDate "2011.08.03"]

1. d4 e6 2. Nf3 f5 3. c4 Nf6 4. g3 d5 5. Bg2 c6 6. O-O Bd6 7. b3 Qe7 8. cxd5
exd5 9. Bf4 Bxf4 10. gxf4 O-O 11. e3 Be6 12. Nc3 Nbd7 13. Rb1 Ne4 14. Ne2 Rf6
15. Ne5 Rh6 16. f3 Nxe5 17. dxe5 Qh4 18. h3 Ng3 19. Nxg3 Qxg3 20. Qe1 Rxh3 21.
Qxg3 Rxg3 22. Kf2 Rg6 23. Rfc1 Rd8 24. Bf1 d4 25. exd4 Rxd4 26. Ke3 Rd8 27. Rd1
Bd5 28. Be2 h5 29. b4 h4 30. b5 h3 31. bxc6 bxc6 32. Rh1 Rg3 33. a3 g5 34. fxg5
f4+ 35. Kxf4 Rg2 36. Ke3 h2 37. Bf1 Ra2 38. Be2 Re8 39. f4 Rxa3+ 40. Kf2 Bxh1
41. Rxh1 Rf8 42. Rxh2 Rxf4+ 43. Kg1 Rg3+ 44. Kh1 Rxg5 45. e6 Re5 46. Rg2+ Kf8
47. Bg4 Rg5 0-1

[Event "Olomouc Chess Summer 2011 - Prima pack cup"]
[Site "Olomouc (CZE), Hotel Sigma"]
[Date "2011.08.05"]
[Round "3"]
[White "Plat, Vojtech"]
[Black "Chernyshov, Konstantin"]
[Result "0-1"]
[WhiteElo "2410"]
[BlackElo "2552"]
[PlyCount "0"]
[EventDate "2011.08.03"]

1. e4 g6 2. d4 Bg7 3. Nf3 d6 4. c4 c6 5. Nc3 Bg4 6. Be2 Nd7 7. Be3 Qc7 8. Qd2
a6 9. O-O Ngf6 10. Rac1 O-O 11. Rfe1 Rfb8 12. e5 dxe5 13. Nxe5 Bxe2 14. Nxd7
Qxd7 15. Qxe2 b5 16. Bf4 Rb7 17. Be5 Rd8 18. b3 Qf5 19. a4 bxa4 20. Nxa4 Rxb3
21. Nc5 Rb4 22. Nxa6 Ra4 23. Nc5 Ra7 24. Qb2 Rda8 25. Qb1 Qxb1 26. Rxb1 Nd7 27.
Bxg7 Nxc5 28. Bh6 Ne6 29. d5 cxd5 30. cxd5 Ng7 31. Bxg7 Kxg7 32. d6 exd6 33.
Rbd1 Ra6 34. g3 Kf8 35. Kg2 Re8 36. Rf1 Re2 37. Rd3 Ke7 38. Rb1 Ra7 39. Rb4 h5
40. h3 f6 41. Rf4 g5 42. Rfd4 Raa2 43. Rf3 Ke6 44. Rb4 Ra8 45. Rb7 Re4 46. Rb5
Re5 47. Rb7 Ra4 48. Rd3 g4 49. Rd2 Raa5 50. Rb4 f5 51. Rb8 Rad5 52. Rdb2 Rd1
53. f3 gxf3+ 54. Kxf3 Rd3+ 55. Kg2 Ree3 56. Re8+ Kf6 57. Rf8+ Kg7 58. Rxf5
Rxg3+ 59. Kf2 Kg6 60. Rbb5 Rxh3 61. Kg2 h4 62. Rfd5 Rhg3+ 63. Kf2 Kf6 64. Rh5
h3 65. Rbd5 Ke6 66. Ra5 Rg2+ 67. Ke1 Rb3 68. Rh6+ Kd7 69. Ra7+ Kc6 0-1

[Event "Olomouc Chess Summer 2011 - Prima pack cup"]
[Site "Olomouc (CZE), Hotel Sigma"]
[Date "2011.08.05"]
[Round "3"]
[White "Oparin, Grigoriy"]
[Black "Kanovsky, David"]
[Result "1/2-1/2"]
[WhiteElo "2356"]
[BlackElo "2478"]
[PlyCount "0"]
[EventDate "2011.08.03"]

1. e4 c5 2. Nf3 Nc6 3. d4 cxd4 4. Nxd4 g6 5. c4 Bg7 6. Be3 d6 7. Nc3 Nh6 8. Be2
O-O 9. Qd2 Ng4 10. Bxg4 Bxg4 11. O-O Rc8 12. b3 Qa5 13. Rac1 Rfe8 14. f3 Bd7
15. Rfd1 a6 16. Nd5 Qxd2 17. Rxd2 Nxd4 18. Bxd4 Bxd4+ 19. Rxd4 Be6 20. Nb4 Rc7
21. a4 Rec8 22. Kf2 Rc5 23. Rb1 Kf8 24. Rb2 Ra5 25. Nc2 Rac5 26. Rd2 b5 27.
cxb5 Bxb3 28. Nb4 Bxa4 29. bxa6 Ra8 30. Ra2 Bb3 31. Ra3 Be6 32. Nd5 Ke8 33. Rb2
Bxd5 34. exd5 Kd7 35. Rb7+ Rc7 36. Rb6 Rc5 37. Rb7+ 1/2-1/2

[Event "Olomouc Chess Summer 2011 - Prima pack c"]
[Site "Olomouc (CZE), Hotel Sigma"]
[Date "2011.08.05"]
[Round "3"]
[White "Biolek, Richard Jr"]
[Black "Gavrilov, Alexei"]
[Result "0-1"]
[WhiteElo "2409"]
[BlackElo "2481"]
[PlyCount "116"]
[EventDate "2011.08.03"]

1. e4 e5 2. Nf3 Nc6 3. d4 exd4 4. Nxd4 Bc5 5. Nb3 Bb6 6. Nc3 d6 7. Qe2 Nge7 8.
Be3 O-O 9. O-O-O f5 10. Kb1 Bxe3 11. Qxe3 f4 12. Qd2 Ne5 13. f3 Kh8 14. Be2
N7g6 15. g3 Be6 16. Nd4 Qf6 17. g4 Nh4 18. g5 Qf7 19. Qe1 Ng2 20. Qf2 Ne3 21.
Rdg1 c5 22. Nxe6 Qxe6 23. h4 b5 24. Nd1 N3c4 25. Bxc4 Nxc4 26. Nc3 Qe5 27. Rd1
Nxb2 28. Kxb2 b4 29. Qe1 bxc3+ 30. Ka1 Rfe8 31. Rd3 c4 32. Rd5 Qxd5 33. exd5
Rxe1+ 34. Rxe1 Kg8 35. Re4 Rc8 36. Rxf4 Rc5 37. Rd4 Kf7 38. h5 h6 39. f4 a6 40.
a4 g6 41. gxh6 gxh5 42. f5 Kf6 43. h7 Rc8 44. Rxc4 Rh8 45. Rxc3 Rxh7 46. Rc6
Ke5 47. Rxa6 h4 48. Rb6 h3 49. Rb1 Kxf5 50. Rh1 Kg4 51. Kb2 Kg3 52. c4 Kg2 53.
Rc1 h2 54. c5 dxc5 55. Kb3 h1=Q 56. Rxh1 Rxh1 57. a5 Rh4 58. d6 Rd4 0-1

[Event "Olomouc Chess Summer 2011 - Prima pack c"]
[Site "Olomouc (CZE), Hotel Sigma"]
[Date "2011.08.05"]
[Round "3"]
[White "Stachowiak, Kamil"]
[Black "Figura, Atila Gajo"]
[Result "1/2-1/2"]
[WhiteElo "2436"]
[BlackElo "2358"]
[PlyCount "92"]
[EventDate "2011.08.03"]

1. d4 Nf6 2. Nf3 g6 3. c4 Bg7 4. Nc3 d5 5. Bg5 Ne4 6. cxd5 Nxg5 7. Nxg5 e6 8.
Nf3 exd5 9. b4 O-O 10. e3 Be6 11. Be2 Nd7 12. O-O c6 13. Rc1 Rc8 14. Na4 Qe7
15. Qb3 a6 16. Ne1 h5 17. Nd3 h4 18. h3 Rfe8 19. Nac5 Nxc5 20. Nxc5 Bf8 21. a4
Qg5 22. Nxe6 Rxe6 23. b5 axb5 24. axb5 Qd8 25. bxc6 bxc6 26. Bg4 f5 27. Bf3 Rb8
28. Qd3 Rb6 29. Rb1 Bd6 30. Rxb6 Qxb6 31. Rb1 Qa7 32. Qc2 Kg7 33. Kf1 Qa6+ 34.
Be2 Qa8 35. Rc1 Be7 36. Bf3 Qa6+ 37. Kg1 Qa8 38. Qb3 Qa3 39. Qd1 Qa8 40. Ra1
Qb7 41. Qc2 Bd6 42. Rb1 Qa7 43. Kf1 Qa6+ 44. Be2 Qa8 45. Rb6 f4 46. Bg4 Rf6
1/2-1/2

[Event "Olomouc Chess Summer 2011 - Winsoft comp"]
[Site "Olomouc (CZE), Hotel Sigma"]
[Date "2011.08.05"]
[Round "3"]
[White "Obsivac, Josef"]
[Black "Biolek, Richard"]
[Result "1/2-1/2"]
[WhiteElo "2273"]
[BlackElo "2478"]
[PlyCount "24"]
[EventDate "2011.08.03"]

1. c4 e5 2. Nc3 Nf6 3. g3 d5 4. cxd5 Nxd5 5. Bg2 Nb6 6. Nf3 Nc6 7. O-O Be7 8.
d3 O-O 9. a3 Be6 10. b4 f6 11. Bb2 a5 12. b5 Nd4 1/2-1/2

[Event "Olomouc Chess Summer 2011 - Winsoft company cup"]
[Site "Olomouc (CZE), Hotel Sigma"]
[Date "2011.08.05"]
[Round "3"]
[White "Poznanska, Katarzyna"]
[Black "Yuffa, Daniil"]
[Result "0-1"]
[WhiteElo "2068"]
[BlackElo "2302"]
[PlyCount "0"]
[EventDate "2011.08.03"]

1. e4 c5 2. Nf3 d6 3. c4 Nf6 4. Nc3 e6 5. d4 cxd4 6. Nxd4 a6 7. Be3 Be7 8. Be2
O-O 9. O-O Nbd7 10. Qd2 Qc7 11. Rac1 b6 12. f3 Bb7 13. b4 Rac8 14. Nb3 Qb8 15.
Na4 Bd8 16. Rfd1 Bc7 17. Bf4 Ne5 18. Bxe5 dxe5 19. Kh1 Nh5 20. Qe3 Nf4 21. Bf1
Bc6 22. b5 Be8 23. Nb2 Bd8 24. g3 Nh5 25. c5 axb5 26. Rxd8 Rxd8 27. c6 Rc8 28.
Bxb5 Qc7 29. Na4 Rb8 30. Kg2 f5 31. exf5 exf5 32. Nc3 Bf7 33. Ba4 f4 34. Qe1
fxg3 35. hxg3 Qe7 36. Nb5 Bd5 37. Nd2 Qg5 38. Bb3 Bxb3 39. c7 Ra8 40. axb3 Nf4+
41. Kg1 Nd3 42. f4 Qg4 0-1

[Event "Olomouc Chess Summer 2011 - Winsoft comp"]
[Site "Olomouc (CZE), Hotel Sigma"]
[Date "2011.08.05"]
[Round "3"]
[White "Jurek, Josef"]
[Black "Furman, Boris"]
[Result "1-0"]
[WhiteElo "2324"]
[BlackElo "2262"]
[PlyCount "101"]
[EventDate "2011.08.03"]

1. c4 e6 2. Nf3 Nf6 3. d4 d5 4. Nc3 Bb4 5. Bg5 h6 6. Bxf6 Qxf6 7. e3 O-O 8. Qb3
c5 9. a3 Ba5 10. cxd5 cxd4 11. Nxd4 exd5 12. Be2 Nc6 13. Rd1 Be6 14. O-O Nxd4
15. Rxd4 Bb6 16. Nxd5 Qe5 17. Rd3 Rfd8 18. Rfd1 Rd7 19. Qb5 Rxd5 20. Rxd5 Bxd5
21. Rxd5 Qe8 22. Qb3 Rd8 23. Bf3 Rxd5 24. Bxd5 Qe7 25. g3 Qc7 26. Kg2 g6 27.
Qd3 Kf8 28. Qe4 Qe7 29. Bxb7 Qxe4+ 30. Bxe4 Ke7 31. Bd5 f5 32. Kf3 g5 33. h3
Kd6 34. Bf7 Ke5 35. Bg6 a5 36. b4 axb4 37. axb4 Bc7 38. e4 fxe4+ 39. Bxe4 h5
40. Bg6 h4 41. gxh4 gxh4 42. Kg4 Bd8 43. f4+ Kd4 44. b5 Ke3 45. Be8 Bc7 46. f5
Bd8 47. Bc6 Kd4 48. Kf4 Bc7+ 49. Kg5 Bd8+ 50. Kg6 Ke5 51. Bg2 1-0

[Event "Olomouc Chess Summer 2011 - Winsoft comp"]
[Site "Olomouc (CZE), Hotel Sigma"]
[Date "2011.08.05"]
[Round "3"]
[White "Dmitrenko, Viktor"]
[Black "Moritz, Aron"]
[Result "1/2-1/2"]
[WhiteElo "2353"]
[BlackElo "2091"]
[PlyCount "39"]
[EventDate "2011.08.03"]

1. e4 g6 2. d4 Bg7 3. Be3 d6 4. f3 Nf6 5. Qd2 O-O 6. c4 c5 7. d5 e6 8. Nc3 exd5
9. cxd5 Na6 10. Nge2 Nc7 11. a4 Rb8 12. Nb5 a6 13. Nxc7 Qxc7 14. Nc3 Bd7 15.
Be2 b5 16. O-O bxa4 17. Nxa4 Rb4 18. Nc3 Rfb8 19. Rfb1 a5 20. Kh1 1/2-1/2

[Event "Olomouc Chess Summer 2011 - Ceska pojist"]
[Site "Olomouc (CZE), Hotel Sigma"]
[Date "2011.08.05"]
[Round "3"]
[White "Groetz, Harald"]
[Black "Mackowiak, Marek"]
[Result "1/2-1/2"]
[WhiteElo "2256"]
[BlackElo "2236"]
[PlyCount "105"]
[EventDate "2011.08.03"]

1. e4 g6 2. d4 Bg7 3. Nc3 d6 4. Bg5 Nf6 5. f4 c6 6. Qd2 b5 7. Bd3 Qa5 8. Nf3 b4
9. Ne2 Ba6 10. O-O Bxd3 11. Qxd3 Nbd7 12. e5 dxe5 13. fxe5 Nd5 14. e6 fxe6 15.
Qe4 e5 16. Nxe5 Nxe5 17. dxe5 Qc7 18. Bf6 Bxf6 19. exf6 O-O 20. f7+ Rxf7 21.
Rxf7 Kxf7 22. Nd4 Qd6 23. Rd1 Rd8 24. Rd3 Rd7 25. Nf3 Qc5+ 26. Kf1 Rd6 27. Ng5+
Kg8 28. Qh4 Nf6 29. Rxd6 Qxd6 30. Qc4+ Qd5 31. Qxd5+ cxd5 32. Ke2 e5 33. Ne6
Nd7 34. Nc7 Nb6 35. Na6 Kf7 36. Nxb4 Ke6 37. b3 Kd6 38. c3 Nd7 39. Nd3 Nf6 40.
Nf2 e4 41. a4 Ke5 42. Ke3 h5 43. a5 Ne8 44. g4 Nd6 45. h3 Nb7 46. b4 Nd6 47.
gxh5 gxh5 48. Nd1 Nc4+ 49. Ke2 Kf4 50. a6 Nd6 51. Ne3 Ke5 52. Kd2 Nb5 53. c4
1/2-1/2

[Event "Olomouc Chess Summer 2011 - Ceska pojistovna cup"]
[Site "Olomouc (CZE), Hotel Sigma"]
[Date "2011.08.05"]
[Round "3"]
[White "Aripov, Iskandar"]
[Black "Balacek, Tadeas"]
[Result "1-0"]
[WhiteElo "2123"]
[BlackElo "2251"]
[PlyCount "0"]
[EventDate "2011.08.03"]

1. d4 Nf6 2. c4 g6 3. Nc3 Bg7 4. e4 d6 5. f3 O-O 6. Nge2 c5 7. Be3 Nc6 8. d5
Ne5 9. Ng3 e6 10. Be2 exd5 11. cxd5 a6 12. a4 Bd7 13. O-O b5 14. h3 Nc4 15.
Bxc4 bxc4 16. Qe2 Rb8 17. Qxc4 Rxb2 18. Rab1 Rxb1 19. Rxb1 Qa5 20. Nge2 Re8 21.
Bf4 Bf8 22. Qb3 Bc8 23. Qb6 Qxb6 24. Rxb6 Nd7 25. Rc6 Nb8 26. Rc7 Nd7 27. a5 f5
28. Ng3 Ne5 29. Bxe5 dxe5 30. exf5 Bxf5 31. Nge4 Re7 32. d6 Rxc7 33. dxc7 c4
34. Nd5 c3 35. Nexc3 Bc5+ 36. Kf1 1-0

[Event "Olomouc Chess Summer 2011 - Open Olomouc"]
[Site "Olomouc"]
[Date "2011.08.05"]
[Round "2.1"]
[White "Blazeka, Damjan"]
[Black "Bryzgalin, Kirill"]
[Result "0-1"]
[WhiteElo "2052"]
[BlackElo "2469"]
[PlyCount "0"]
[EventDate "2011.08.04"]

1. e4 c5 2. Nf3 e6 3. d4 cxd4 4. Nxd4 Nc6 5. Nb5 d6 6. c4 Nf6 7. N1c3 a6 8. Na3
Be7 9. Be2 O-O 10. O-O b6 11. Be3 Bb7 12. f3 Rc8 13. Rc1 Re8 14. Nc2 Ne5 15.
Qd4 Nfd7 16. Na4 Nc6 17. Qd2 Qc7 18. Nd4 Nce5 19. b4 Qb8 20. Rfd1 Ba8 21. Nb3
Nxc4 22. Bxc4 b5 23. Bxe6 fxe6 24. Nac5 Nf8 25. Nd3 h6 26. Nf4 Kf7 27. Nh5 Rxc1
28. Rxc1 Rc8 29. Qb2 e5 30. Rf1 Kg8 31. Qd2 Kh7 32. Ng3 Ne6 33. Nf5 Bf8 34. Rd1
Rd8 35. Qc2 g6 36. Ng3 Qc8 37. Rc1 Qd7 38. Ne2 d5 39. exd5 Qxd5 40. Bb6 Rd7 41.
Nc5 Bxc5+ 42. Bxc5 Nxc5 43. Qxc5 Qd2 44. Qxe5 Bd5 45. Ra1 Qxb4 46. Nc3 Bf7 47.
a4 Re7 48. Qf6 Qc5+ 49. Kh1 b4 50. Ne4 Qe5 51. Re1 Kg8 52. Qxe5 Rxe5 53. Nf6+
Kg7 54. Rxe5 Kxf6 55. Re2 a5 56. Kg1 Bb3 57. Kf2 Bxa4 58. Ra2 b3 59. Rb2 Ke5
60. Ke3 Kd5 61. Kd3 Bb5+ 62. Kc3 a4 63. Kb4 Bd3 64. Kxa4 Bc2 65. f4 Ke4 66. g3
Kf3 67. Kb4 h5 0-1

[Event "Olomouc Chess Summer 2011 - Open Olomouc"]
[Site "Olomouc"]
[Date "2011.08.05"]
[Round "2.4"]
[White "Hrabal, Michal"]
[Black "Rojicek, Vojtech"]
[Result "0-1"]
[WhiteElo "2045"]
[BlackElo "2396"]
[PlyCount "76"]
[EventDate "2011.08.04"]

1. e4 c5 2. f4 d5 3. exd5 Nf6 4. Nc3 Nxd5 5. Nf3 e6 6. Bb5+ Bd7 7. Bxd7+ Nxd7
8. d3 Be7 9. O-O O-O 10. Qe1 Nxc3 11. bxc3 Bf6 12. Ne5 Qc7 13. Ng4 c4 14. Nxf6+
Nxf6 15. Be3 cxd3 16. cxd3 Nd5 17. Bd4 Rac8 18. f5 Rfe8 19. Be5 Qa5 20. f6 Nxc3
21. Qe3 Qc5 22. d4 Qf8 23. Rac1 Nd5 24. Qg3 g6 25. Qb3 Qb4 26. Qg3 Qd2 27. Rcd1
Qe3+ 28. Rf2 Qxg3 29. Bxg3 Rc4 30. Be5 Rec8 31. Rb2 b6 32. Rdd2 h5 33. h4 Kh7
34. Kf2 g5 35. hxg5 Kg6 36. Rb3 Rc3 37. Rb1 Rc2 38. Ke2 Nc3+ 0-1

[Event "Olomouc Chess Summer 2011 - Open Olomouc"]
[Site "Olomouc"]
[Date "2011.08.05"]
[Round "2.5"]
[White "Jasny, Stanislav"]
[Black "Fichtner, Ewald"]
[Result "1-0"]
[WhiteElo "2366"]
[BlackElo "2038"]
[PlyCount "115"]
[EventDate "2011.08.04"]

1. e4 c6 2. d4 d5 3. e5 Bf5 4. c4 e6 5. Nc3 Ne7 6. a3 Nd7 7. c5 Bg6 8. Nf3 Nf5
9. Be2 Bh5 10. O-O Bxf3 11. Bxf3 Be7 12. Bg4 g6 13. Bxf5 exf5 14. Bh6 Bg5 15.
Bxg5 Qxg5 16. f4 Qe7 17. b4 Kf8 18. Qd3 a6 19. g4 Qe6 20. Ra2 h5 21. gxf5 Qxf5
22. Qxf5 gxf5 23. Rg2 Rg8 24. Rxg8+ Kxg8 25. Kf2 f6 26. Re1 Re8 27. Ne2 h4 28.
Ng1 Nf8 29. Nf3 Ng6 30. Ke3 Kf7 31. Rg1 Rh8 32. a4 Re8 33. Rb1 Ra8 34. Ra1 h3
35. Rg1 Rh8 36. e6+ Kg7 37. Rg3 Rh6 38. Ng1 Kf8 39. Rxh3 Rxh3+ 40. Nxh3 Ke7 41.
Ng1 Nf8 42. Ne2 Nxe6 43. Ng3 Ng7 44. h4 Kf7 45. h5 Kg8 46. h6 Ne6 47. Nxf5 Kh7
48. Nd6 Nd8 49. Ne8 Kxh6 50. Nxf6 Kg6 51. Ne8 Kf7 52. Nd6+ Ke6 53. f5+ Kd7 54.
a5 Ke7 55. Kf4 Kf6 56. Kg4 Kg7 57. Kg5 Kg8 58. Kg6 1-0

[Event "Olomouc Chess Summer 2011 - Open Olomouc"]
[Site "Olomouc"]
[Date "2011.08.05"]
[Round "2.6"]
[White "Ortoft, Kai"]
[Black "Kireev, Aleksei"]
[Result "0-1"]
[WhiteElo "2043"]
[BlackElo "2360"]
[PlyCount "106"]
[EventDate "2011.08.04"]

1. d4 d6 2. e4 g6 3. Nc3 c6 4. Nf3 Bg7 5. Bc4 e6 6. O-O Ne7 7. Be3 h6 8. Bb3
Nd7 9. Qe2 O-O 10. a4 b6 11. Rfd1 Bb7 12. Bf4 Nf6 13. h3 Qd7 14. Bh2 Rfd8 15.
e5 Ne8 16. exd6 Nxd6 17. Ne5 Qe8 18. Ne4 Nef5 19. Nxd6 Nxd6 20. c3 Qe7 21. Bc2
Rac8 22. Re1 c5 23. dxc5 Rxc5 24. Rad1 Rd5 25. Bb3 Rxd1 26. Rxd1 Ne4 27. Rxd8+
Qxd8 28. Bc2 Nf6 29. f3 Qd5 30. Qd3 Qc5+ 31. Qd4 Qxd4+ 32. cxd4 Bd5 33. Bf4 Kf8
34. Bd2 Ke8 35. Kf2 Nd7 36. f4 Nf6 37. g4 Ne4+ 38. Bxe4 Bxe4 39. Ke3 Bd5 40. h4
Bf8 41. g5 h5 42. Kd3 Be7 43. Kc2 f6 44. Nd3 Be4 45. Kc3 Bd6 46. gxf6 Kf7 47.
Ne5+ Kxf6 48. Be1 Kf5 49. Bg3 Bf8 50. Kd2 Bd5 51. Kc3 Bh6 52. b4 Be4 53. Nf7
Kg4 0-1

[Event "Olomouc Chess Summer 2011 - Open Olomouc"]
[Site "Olomouc"]
[Date "2011.08.05"]
[Round "2.7"]
[White "Ageichenko, Genadi A"]
[Black "Musil, Vitezslav"]
[Result "1-0"]
[WhiteElo "2356"]
[BlackElo "2036"]
[PlyCount "87"]
[EventDate "2011.08.04"]

1. e4 e5 2. Nf3 Nc6 3. Bb5 a6 4. Ba4 Nf6 5. d3 d6 6. c3 Be7 7. Nbd2 O-O 8. O-O
Bd7 9. Re1 Qe8 10. Bc2 Be6 11. Nf1 Nd7 12. Ne3 f6 13. d4 Nd8 14. Nf5 Bxf5 15.
exf5 Nf7 16. Bb3 g5 17. fxg6 hxg6 18. Bh6 Kh7 19. Bxf8 Bxf8 20. dxe5 dxe5 21.
Qd5 Nh6 22. Qxb7 Bd6 23. Qc6 Qd8 24. Rad1 Nc5 25. Bd5 Rb8 26. b4 Rb6 27. bxc5
Rxc6 28. Bxc6 Nf5 29. Rd2 Qc8 30. cxd6 cxd6 31. Be4 Qxc3 32. Bxf5 gxf5 33. Red1
e4 34. Nh4 f4 35. Rxd6 e3 36. fxe3 fxe3 37. Nf3 Qc5 38. Rd7+ Kh6 39. Re1 f5 40.
Rd4 f4 41. Rxf4 e2+ 42. Rd4 a5 43. a4 Qc2 44. Kf2 1-0

[Event "Olomouc Chess Summer 2011 - Open Olomouc"]
[Site "Olomouc"]
[Date "2011.08.05"]
[Round "2.8"]
[White "Prikryl, Tomas"]
[Black "Chudinovskikh, Alexander M"]
[Result "0-1"]
[WhiteElo "2038"]
[BlackElo "2302"]
[PlyCount "92"]
[EventDate "2011.08.04"]

1. e4 e5 2. Nf3 Nc6 3. Bc4 Nf6 4. d3 Be7 5. c3 O-O 6. Bb3 d5 7. exd5 Nxd5 8.
O-O Bf5 9. Re1 Qd6 10. Na3 Nb6 11. d4 e4 12. Nd2 Qg6 13. Nac4 Rfe8 14. Ne3 Bd7
15. Ndf1 Rad8 16. Ng3 Bd6 17. Nef1 Kh8 18. Qh5 Qxh5 19. Nxh5 f5 20. Bg5 Ne7 21.
Nf6 Rf8 22. Nxd7 Rxd7 23. Be6 Rdd8 24. Ng3 g6 25. c4 c5 26. Ne2 Kg7 27. Rad1 h6
28. Bxe7 Bxe7 29. b3 Kf6 30. d5 Na8 31. f3 exf3 32. gxf3 Nc7 33. Nf4 Bd6 34.
Ne2 Rfe8 35. Nc3 Be5 36. Rc1 Nxe6 37. dxe6 Bxc3 38. Rxc3 Rxe6 39. Rxe6+ Kxe6
40. Re3+ Kf6 41. Re2 Kg5 42. Kf2 Kf4 43. Kg2 Rd3 44. Re6 Rd2+ 45. Kh3 g5 46.
Rxh6 g4+ 0-1

[Event "Olomouc Chess Summer 2011 - Open Olomouc"]
[Site "Olomouc"]
[Date "2011.08.05"]
[Round "2.9"]
[White "Dukaczewski, Piotr"]
[Black "Kolasin, Jan"]
[Result "1-0"]
[WhiteElo "2290"]
[BlackElo "2023"]
[PlyCount "53"]
[EventDate "2011.08.04"]

1. e4 e6 2. d4 d5 3. Nc3 Bb4 4. exd5 exd5 5. Bd3 Nf6 6. Nge2 Bg4 7. O-O O-O 8.
f3 Bh5 9. Nf4 Bg6 10. Nxg6 hxg6 11. Bg5 c6 12. Ne2 Nbd7 13. c3 Bd6 14. Qe1 Re8
15. Qh4 Qc7 16. Rad1 b6 17. f4 Ne4 18. f5 Bxh2+ 19. Kh1 Bg3 20. Qg4 Nf2+ 21.
Rxf2 Bxf2 22. fxg6 f6 23. Bf4 Qd8 24. Qf3 Bxd4 25. Nxd4 Rc8 26. Nf5 Ne5 27. Qh3
1-0

[Event "Olomouc Chess Summer 2011 - Open Olomouc"]
[Site "Olomouc"]
[Date "2011.08.05"]
[Round "2.11"]
[White "De Marchi, Olivier"]
[Black "Zdrazil, Tomas"]
[Result "1/2-1/2"]
[WhiteElo "2267"]
[BlackElo "2019"]
[PlyCount "84"]
[EventDate "2011.08.04"]

1. d4 Nf6 2. c4 g6 3. Nc3 Bg7 4. e4 d6 5. Nf3 O-O 6. Be2 e5 7. O-O Qe8 8. d5 a5
9. a3 Bd7 10. Ne1 Na6 11. Nd3 a4 12. b4 axb3 13. Qxb3 Nxe4 14. Nxe4 f5 15. Nc3
e4 16. Nb2 Nc5 17. Qc2 f4 18. Re1 Qe5 19. Nb5 Bf5 20. Nxc7 e3 21. Qd1 exf2+ 22.
Kxf2 Ne4+ 23. Kg1 Nc3 24. Qd2 Ne4 25. Qxf4 Qxf4 26. Bxf4 Bxb2 27. g4 Bd7 28.
Nxa8 Bxa1 29. Rxa1 Rxf4 30. Rb1 Nc3 31. Rb2 Bxg4 32. Bf1 Rf7 33. Rb6 Ne4 34.
Bg2 Bf3 35. Bxf3 Rxf3 36. Rxb7 Rxa3 37. Nc7 Ra4 38. Ne6 Rxc4 39. Rg7+ Kh8 40.
Rd7 Kg8 41. Rg7+ Kh8 42. Rd7 Kg8 1/2-1/2

[Event "Olomouc Chess Summer 2011 - Open Olomouc"]
[Site "Olomouc"]
[Date "2011.08.05"]
[Round "2.12"]
[White "Stolarczyk, Anna"]
[Black "Gunajew, Rafal"]
[Result "1/2-1/2"]
[WhiteElo "2020"]
[BlackElo "2258"]
[PlyCount "20"]
[EventDate "2011.08.04"]

1. d4 b6 2. e4 Bb7 3. Bd3 g6 4. Nf3 Bg7 5. c3 e6 6. O-O Ne7 7. Be3 d6 8. Qd2
Nd7 9. Bh6 O-O 10. Bxg7 Kxg7 1/2-1/2

[Event "Olomouc Chess Summer 2011 - Open Olomouc"]
[Site "Olomouc"]
[Date "2011.08.05"]
[Round "2.13"]
[White "Cagasik, Tomas"]
[Black "Stehlik, Jiri"]
[Result "1-0"]
[WhiteElo "2255"]
[BlackElo "2015"]
[PlyCount "55"]
[EventDate "2011.08.04"]

1. c4 c5 2. Nc3 Nc6 3. Nf3 Nf6 4. d4 cxd4 5. Nxd4 g6 6. g3 Bg7 7. Bg2 O-O 8.
O-O Nxd4 9. Qxd4 d6 10. Qh4 Rb8 11. Rd1 Qa5 12. Bd2 Qh5 13. Qxh5 Nxh5 14. Nd5
Be6 15. Nxe7+ Kh8 16. Bb4 Bxb2 17. Rab1 Be5 18. f4 Bg7 19. Bxd6 Rbd8 20. c5 Bf6
21. Nd5 Rg8 22. Nxf6 Nxf6 23. Be5 Kg7 24. Bf3 h6 25. g4 g5 26. h4 Bxa2 27. Rxd8
Rxd8 28. Ra1 1-0

[Event "Olomouc Chess Summer 2011 - Open Olomouc"]
[Site "Olomouc"]
[Date "2011.08.05"]
[Round "2.14"]
[White "Janyska, Pavel"]
[Black "Vanek, Ladislav"]
[Result "1-0"]
[WhiteElo "2017"]
[BlackElo "2209"]
[PlyCount "61"]
[EventDate "2011.08.04"]

1. e4 g6 2. d4 Bg7 3. Nf3 c6 4. Be3 d5 5. e5 Bg4 6. Nbd2 Nh6 7. c3 f6 8. h3
Bxf3 9. Nxf3 Nf7 10. exf6 exf6 11. Bd3 Nd7 12. Qd2 Nd6 13. Qc2 Qe7 14. O-O-O
Ne4 15. Rde1 O-O 16. h4 Rfe8 17. g4 Nf8 18. Nd2 Nd6 19. f4 Qf7 20. f5 gxf5 21.
gxf5 Qh5 22. Nf1 Kh8 23. Qf2 Bh6 24. Rg1 Bxe3+ 25. Rxe3 Qh6 26. Kc2 Nd7 27.
Rxe8+ Rxe8 28. Nd2 Ne4 29. Nxe4 dxe4 30. Bc4 Rf8 31. Qg2 1-0

[Event "Olomouc Chess Summer 2011 - Open Olomouc"]
[Site "Olomouc"]
[Date "2011.08.05"]
[Round "2.15"]
[White "Miskulin, Dennis"]
[Black "Galvanek, Ladislav"]
[Result "1-0"]
[WhiteElo "2208"]
[BlackElo "1993"]
[PlyCount "71"]
[EventDate "2011.08.04"]

1. e4 Nf6 2. e5 Nd5 3. d4 d6 4. Nf3 Bg4 5. Be2 e6 6. O-O Be7 7. c4 Nb6 8. Nc3
O-O 9. Be3 Nc6 10. exd6 cxd6 11. b3 d5 12. c5 Bxf3 13. Bxf3 Nc8 14. b4 Bf6 15.
Rb1 N8e7 16. b5 Na5 17. Qd3 g6 18. g4 Nc4 19. Bf4 Bg7 20. Rfe1 Qd7 21. Bg2 Rad8
22. h3 Kh8 23. Re2 Rfe8 24. Rbe1 a6 25. a4 axb5 26. Nxb5 Nc6 27. Be5 Bxe5 28.
dxe5 Ra8 29. Qb3 Reb8 30. Rd1 Qe7 31. Nd6 N4xe5 32. f4 Nd7 33. Bxd5 Qf6 34.
Nxf7+ Kg7 35. g5 Qxf4 36. Qc3+ 1-0

[Event "Olomouc Chess Summer 2011 - Seniors Open"]
[Site "Olomouc (CZE), Hotel Sigma"]
[Date "2011.08.05"]
[Round "2.1"]
[White "Golcman, Evgeny"]
[Black "Spurny, Antonin"]
[Result "1-0"]
[WhiteElo "2291"]
[BlackElo "1931"]
[PlyCount "62"]
[EventDate "2011.08.04"]

1. c4 e5 2. g3 Nc6 3. Bg2 g6 4. Nc3 Bg7 5. Nf3 Nge7 6. d3 d6 7. Bd2 O-O 8. O-O
h6 9. Rb1 Kh8 10. Qc1 Ng8 11. b4 Nce7 12. a4 f5 13. a5 g5 14. a6 Rb8 15. axb7
Bxb7 16. Qa3 g4 17. Ne1 Bxg2 18. Nxg2 d5 19. Nxd5 Nxd5 20. cxd5 Qxd5 21. Nh4
Qf7 22. Rfc1 Rfc8 23. Qxa7 Ra8 24. Qb7 Rab8 25. Qa6 Kh7 26. Qc4 Qf6 27. f3 Qb6+
28. Kg2 Ne7 29. fxg4 fxg4 30. Qxg4 Rf8 31. Qe4+ Kh8 1-0